Psicobiografía de Pablo Neruda: identidad psicosocial y creación poética

Gardado en:
Detalles Bibliográficos
Autor Principal: Rubilar Solís, Luis
Formato: Libro
Idioma:inglés
Lingua castelá
Publicado: Santiago, Chile Universidad de Santiago 2003
Subjects:
Tags: Engadir etiqueta
Sen Etiquetas, Sexa o primeiro en etiquetar este rexistro!

MARC

LEADER 00000nam a22000007a 4500
003 CL-VaPUC
005 20250127163740.0
008 200122b ||||| |||| 00| 0 eng d
999 |c 379583  |d 379581 
020 |a 9567069778 
040 |c Pontificia Universidad Católica de Valparaíso 
041 0 |a spa 
082 |a 928.61 RUB 2003 
100 1 |a Rubilar Solís, Luis  |9 611768 
245 1 0 |a Psicobiografía de Pablo Neruda:  |b  identidad psicosocial y creación poética 
260 3 |a Santiago, Chile  |b Universidad de Santiago  |c 2003 
300 |a 247 páginas 
505 0 |a I. Introducción. II. Bases teórico-metodológicas. III. Transformación identitaria personal (el nombre de la rosa). IV. Ampliación identitaria social (el nombre de América). V. síntesis final y conclusiones. VI. Bibliografía. 
583 |c 20200122  |k Daniel Castañeda 
600 0 |a Neruda, Pablo,  |d 1904-1973  |e autor  |9 471955 
650 0 0 |a Poetas chilenos  |9 326722 
650 0 0 |a Biografías  |9 255210 
650 0 0 |a Creación artística   |9 266215 
942 |2 ddc  |c BK 
952 |0 0  |1 0  |2 ddc  |4 0  |6 928_610000000000000_RUB_2003  |7 0  |8 A  |9 500169  |a BIBEDU  |b BIBEDU  |d 2020-01-22  |i 5616069  |l 2  |o 928.61 RUB 2003  |p 5616069  |r 2022-09-26  |s 2022-09-26  |t 1  |w 2020-01-22  |y BK  |k PSI